000 00844nam a22002897a 4500
001 9831
003 FISKH
005 20260303161339.0
008 260303b cb ||||| |||| 00| 0 eng d
020 _a9781618100603
040 _aFISKH
_beng
_cFISKH
_dFISKH
050 _aPZ8 .R243
082 _a398.8
100 _aReasoner, Charles
_eAuthor
245 _aHickory, dickory, dock /
260 _aDong Guan :
_bRourke Educational Media ,
_c2012
300 _a8 unnumbered pages :
_bcolor illustrations ;
_c17 cm
505 _aE
520 _aAn illustrated, humorous version of the traditional nursery rhyme.
521 8 _a250
_bLexile
521 8 _aE
_bRaz-Plus
650 _aNursery rhymes
_vSong
650 _aBoard book
_vEarly reader
700 _aReasoner, Chuck
_eIllustrator
942 _2ddc
_cBK
_n0
999 _c9831
_d9831